Normal view
MARC view
- Cloud-Security
Entry Topical Term
001 - CONTROL NUMBER
- control field: 6493
003 - CONTROL NUMBER IDENTIFIER
- control field: JO-AjAnu
005 - DATE AND TIME OF LATEST TRANSACTION
- control field: 20230606071343.0
008 - FIXED-LENGTH DATA ELEMENTS
- fixed length control field: 230606|| aca||aabn | a|a d
040 ## - CATALOGING SOURCE
- Original cataloging agency: JO-AjAnu
- Transcribing agency: JO-AjAnu
150 ## - HEADING--TOPICAL TERM
- Topical term or geographic name entry element: Cloud-Security
670 ## - SOURCE DATA FOUND
- Source citation: Work cat.: (JO-AjAnu)3366: Binnie, Chris, Rory McCune, author 6492, Cloud Native Security